LEADER 01606nam a2200373 u 4500 001 000000049198 003 CaOOAMICUS 005 20070226115102.0 008 000621s2000 it u000 u ita u 020 $a8816405252 035 $a10850576 040 $aIPA$bita$dPUL 041 1 $aita$heng 245 00$aAgostino oggi /$cWilliam S. Babcoch ... [et al.] ; a cura di Richard J. Neuhaus ; edizione italiana a cura di Patrizio Alborghetti. 260 $aMilano :$bJaca Book,$c2000. 300 $axiv, 147 p. ;$c23 cm 490 1 $aBiblioteca di cultura medievale 490 1 $aDi fronte e attraverso ;$v525 500 $aBibliografia in nota. 500 $aTit. orig.: Augustine today. 600 04$aAugustinus,$cs., vesc. d'Ippona,$d354-430.$0(OLS)http://pul/subject/758 700 1 $aBabcock, William S.$0(OLS)http://pul/name/35612 700 1 $aAlborghetti, Patrizio.$0(OLS)http://pul/name/35614 700 1 $aNeuhaus, Richard John.$0(OLS)http://pul/name/35613 830 0$aDi fronte e attraverso ;$v525.$0(OLS)http://pul/title/138 830 0$aBiblioteca di cultura medievale.$0(OLS)http://pul/title/2253 850 $aPUL 852 $aPUL$W1$xSL Filosofia 2$y80$mPhil A23 525$j65406$nBK-PRI$b $qStampati altre collocazioni$B65406$CPULBib$Z2$F65406 $H $81 941 1 $a10 960 $aAgostino,$cs., vesc. d'Ippona,$d354-430$9758 961 $aINV: 82391 996 $6020$a8816405252$9(OLS)http://pul/number/62092 996 $6245$aAgostino oggi$9(OLS)http://pul/title/66336 996 $6260$aMilano :$bJaca Book$9(OLS)http://pul/publisher/47900 LEADER 01270nam a2200301 a 4500 001 000000105458 003 CaOOAMICUS 005 20070607095049.0 008 070607s2007 it 001 u ita d 020 $z978-88-394-0737-5* 040 $aPUG$bita$dPUL$dLDB 041 1 $aita$heng 100 1 $aSeybold, Klaus.$0(OLS)http://pul/name/25738 240 10$aPoetik der Psalmen$lItaliano.$0(OLS)http://pul/title/132721 245 10$aPoetica dei Salmi /$cKlaus Seybold ; edizione italiana di Davide Astori. 260 $aBrescia :$bPaideia,$cc2007. 300 $a365 p. ;$c23 cm 490 1 $aIntroduzione allo studio della Bibbia.$aSupplementi ;$v035 500 $aInclude indici. 504 $aBibliografia: p. [337]-347. 630 04$aBiblia.$pV.T.$pPsalmi.$0(OLS)http://pul/subject/1292 830 0$aIntroduzione allo studio della Bibbia.$pSupplementi ;$v035.$0(OLS)http://pul/title/41883 850 $aPUL 852 $aPUL$W1$xSL Religione 1$y3$m1 C 112.35$j118181$qStampati$B118091$CPULBib$Z2$F118091 $H104422 $82 941 1 $a8 996 $6020$z978-88-394-0737-5*$9(OLS)http://pul/number/134670 996 $6245$aPoetica dei Salmi$9(OLS)http://pul/title/132722 996 $6260$aBrescia :$bPaideia$9(OLS)http://pul/publisher/47884